Pays ayant déjà remporté l'Eurovision - Statistiques

Statistiques générales
  • Ce quiz a été pris 190 fois
  • Le résultat moyen est 24 sur 27
Statistiques - réponses
Victoires Année(s) Réponse % Correct
5 1958, 1960, 1962, 1969, 1977 France
100%
6 1974, 1984, 1991, 1999, 2012, 2015 Suède
98%
2 1982, 2010 Allemagne
96%
1 1986 Belgique
95%
2 1968, 1969 Espagne
95%
7 1970, 1980, 1987, 1992, 1993, 1994, 1996 Irlande
95%
2 1964, 1990 Italie
95%
5 1957, 1959, 1969, 1975, 2019 Pays-Bas
95%
5 1967, 1969, 1976, 1981, 1997 Royaume-Uni
95%
2 1956, 1988 Suisse
95%
1 2008 Russie
94%
1 2017 Portugal
93%
2 2004, 2016 Ukraine
93%
3 1963, 2000, 2013 Danemark
92%
1 2005 Grèce
92%
3 1985, 1995, 2009 Norvège
92%
2 1966, 2014 Autriche
91%
1 2006 Finlande
91%
5 1961, 1965, 1972, 1973, 1983 Luxembourg
89%
4 1978, 1979, 1998, 2018 Israël
83%
1 2001 Estonie
82%
1 2002 Lettonie
82%
1 2003 Turquie
82%
1 2007 Serbie
81%
1 1971 Monaco
69%
1 2011 Azerbaïdjan
62%
1 1989 Yougoslavie
61%
Aucun quiz correspondant
Distribution des résultats
% des personnes avec chaque résultat
Percentile par nombre de réponses
Votre historique - résultats
Vous n’avez pas pris ce quiz